000 00721nam a2200277Ia 4500
005 20260324112620.0
008 008 260324s9999 xx 000 0 eng d
020 _a9788743804130
037 _aEBOOK
040 _aCRL
040 _beng
040 _cCRL
041 _2eng
041 _aeng
084 _qCRL
100 _aJulie Harvie
_91143436
245 0 _aDynamic Environments Testing, Volume 7
245 0 _bProceedings of the 41st IMAC, A Conference and Exposition on Structural Dynamics 2023
260 _bTaylor and Francis
260 _c2024
365 _a
856 _uhttp://www.taylorfrancis.com/books/9788743804130
942 _cEBOOK
999 _c1732703
_d1732703